000 00974nam a2200325 a 4500
999 _c11358
_d11358
001 11358
003 BD-JhCC
005 20221115134023.0
008 190902s2014 ii 000 f eng d
010 _a 2014360982
020 _a9788129135728
020 _a8129135728
025 _aI-E-2014-360982; 26-92
035 _a(BD-JhCC)11358
037 _bLibrary of Congress -- New Delhi Overseas Office
040 _aTXA
_beng
_cTXA
_erda
_dYDXCP
_dDKAGE
_dDLC
_dBD-JhCC
042 _alccopycat
_alcode
050 0 0 _aMLCS 2015/01137 (P)
050 4 _aPR9499.3.B424
_bH35 2014
082 0 4 _a823.92
_223
_bBAH 2014
100 1 _aBhagat, Chetan,
_eauthor.
245 1 0 _aHalf girlfriend /
_cChetan Bhagat.
264 1 _aNew Delhi :
_bRupa,
_c2014.
300 _aviii, 260 pages ;
_c20 cm
336 _atext
_btxt
_2rdacontent
337 _aunmediated
_bn
_2rdamedia
338 _avolume
_bnc
_2rdacarrier
650 0 _aMan-woman relationships
_vFiction.
942 _2ddc
_cBK
_028